REZALIM-ICIA's method for determination of PAHs from water samples

Polycyclic aromatic hydrocarbons (PAHs) are a class of pollutant chemical compounds consisting of fused aromatic rings with great impact on human health and environment. A modem method for determining these pollutants from water at nanoscale level was developed in REZALIM-ICIA laboratory using an HP...

Teljes leírás

Elmentve itt :
Bibliográfiai részletek
Szerzők: Naghiu A.
Simedru D.
Miclean Mirela
Senila Lacramioara
Roman Marius
Laslo C.
Testületi szerző: International Symposium on Analytical and Environmental Problems (17.) (2011) (Szeged)
Dokumentumtípus: Könyv része
Megjelent: SZAB Szeged 2012
Sorozat:Proceedings of the International Symposium on Analytical and Environmental Problems 17
Kulcsszavak:Környezetkémia - módszer
Tárgyszavak:
Online Access:http://acta.bibl.u-szeged.hu/76430
LEADER 01740naa a2200289 i 4500
001 acta76430
005 20220822102334.0
008 220810s2012 hu o 1|| eng d
020 |a 978-963-315-066-5 
040 |a SZTE Egyetemi Kiadványok Repozitórium  |b hun 
041 |a eng 
100 1 |a Naghiu A. 
245 1 0 |a REZALIM-ICIA's method for determination of PAHs from water samples  |h [elektronikus dokumentum] /  |c  Naghiu A. 
260 |a SZAB  |b Szeged  |c 2012 
300 |a 227-230 
490 0 |a Proceedings of the International Symposium on Analytical and Environmental Problems  |v 17 
520 3 |a Polycyclic aromatic hydrocarbons (PAHs) are a class of pollutant chemical compounds consisting of fused aromatic rings with great impact on human health and environment. A modem method for determining these pollutants from water at nanoscale level was developed in REZALIM-ICIA laboratory using an HPLC-FLD instrument. The column, its temperature, the mobile phase and the excitation and emission wavelengths were optimized in order to achieve the proposed goal. Calibration curves for each compound were obtained in 5-60 ng/ml concentration range. The method was tested on spiked samples and the results proved to be satisfying. 
650 4 |a Természettudományok 
650 4 |a Kémiai tudományok 
695 |a Környezetkémia - módszer 
700 0 1 |a Simedru D.  |e aut 
700 0 1 |a Miclean Mirela  |e aut 
700 0 1 |a Senila Lacramioara  |e aut 
700 0 1 |a Roman Marius  |e aut 
700 0 1 |a Laslo C.  |e aut 
711 |a International Symposium on Analytical and Environmental Problems (17.) (2011) (Szeged)  |c Szeged  |d 2011. szeptember 19. 
856 4 0 |u http://acta.bibl.u-szeged.hu/76430/1/proceedings_of_isaep_2011_227-230.pdf  |z Dokumentum-elérés